Responses for Show #6750 - Friday, January 10, 2014

Contestants

[<< previous game]

Adrian Ho, a healthcare consultant from Palo Alto, California

Michelle DeGrothy, a Navy helicopter pilot from Neptune Beach, Florida

Seth Tribble, a statistician from New York, New York (whose 1-day cash winnings total $26,488)

[next game >>]

Jeopardy! Round responses

SHELVING! YES, SHELVING!
I SAW IT ON IMDb
"AD" VERBS
VACATION
THE MOOSE OUT FRONT
SHOULD'VE TOLD YOU
    $200 20
Ikea

Michelle
    $200 1
Tom Cruise

Michelle
    $200 11
address

Adrian
    $200 6
Coppertone

Michelle
    $200 17
deer

Michelle
    $200 16
the Alamo

Adrian
    $400 24
mantle

Michelle
    $400 2
Lone Ranger

Michelle
    $400 12
administer

Adrian
    $400 7
Pamplona

Seth
    $400 18
antlers

Michelle
    $400 23
Watergate

Seth
    $600 25
(Seth: What is a chef?)

baker

Seth
Triple Stumper
    $600 3
Jack Nicholson

Seth
    $600 13
adjourn

Adrian
    $600 8
Chevy Chase

Michelle
    $600 19
(Seth: What is Kamchatka?)

Siberia

SethAdrian
    $600 26
[less than a minute to go]

Hector

Michelle
    $800 4
The Incredible Hulk

Seth
    $800 14
(Alex: [*], that's the word.)

addle

Seth
    $800 9
Book Of Mormon

Michelle
    $800 21
(Seth: What are the Eskimo?)

Algonquin

SethMichelle
    $1,500 28
(Adrian: Who are Sacco and Vanzetti?)
(Alex: No, it's a photo of the same man, and his name is [*], the infamous [*].)

(Charles) Ponzi

Adrian
    $1000 29
[The end-of-round signal sounds.]

cantilever

Michelle
    $1000 5
Charlton Heston

Michelle
    $1000 15
admonish

Michelle
    $1000 10
[Alex reads "S.C." as "South Carolina".]

Hilton Head

Seth
    $1000 22
(Alex: That's why I had trouble getting dates when I was young.)

bell or dewlap

Triple Stumper
    $1000 27
Anne of Cleves

Adrian

Scores at the first commercial break (after clue 15):

Seth Michelle Adrian
$3,600 $4,200 $1,200

Scores at the end of the Jeopardy! Round:

Seth Michelle Adrian
$2,000 $7,800 $1,500

Double Jeopardy! Round responses

1914--WHAT A YEAR
BIERCE'S DEVIL'S DICTIONARY
FASHION DESIGNERS
NO. 1 "LOVE" SONGS
U.S. CAPITALS OF THE WORLD
WINDOW QUOTES
    $400 6
Wilson

Adrian
    $400 9
Polo

Seth
    $400 7
"Hello, I Love You"

Michelle
    $400 1
cotton

Michelle
    $400 17
eyes

Seth
    $800 10
(René) Lacoste

Michelle
    $800 8
"Crazy Little Thing Called Love"

Seth
    $800 2
wheat

Adrian
    $800 18
St. Paul

Triple Stumper
    $1200 23
the Panama Canal

Adrian
    $1200 20
a suit of armor

Michelle
    $1200 12
Tommy Hilfiger

Michelle
    $1200 11
"It Must Have Been Love"

Seth
    $1200 3
golf

Michelle
    $1200 19
(Alex: Must have been some looker.)

Raymond Chandler

Triple Stumper
    $1600 25
Ford

Adrian
    $1600 21
a duel

Adrian
    $1600 13
(Adrian: Who is Chanel?)

Kate Spade

Adrian
Triple Stumper
    $2,000 15
(Michelle: I don't know.)

"How Deep Is Your Love"

Michelle
    $1600 4
carrots

Michelle
    $2,000 27
"A Remembrance of Things Past"

Adrian
    $2000 24
(Adrian: What is Sarajevo?)

Belgrade

Adrian
Triple Stumper
    $2000 22
a centaur

Triple Stumper
    $2000 14
Diane von Furstenberg

Michelle
    $2000 16
(Seth: What is "Love The Way You Lie"?)
[Originally ruled incorrect; reversed before second Daily Double at clue 27]

"I Love The Way You Lie"

Seth
    $2000 5
Sandusky

Michelle
    $2000 26
(Adrian: What is "Where art thou?")
(Michelle: What is "Wherefore art thou?")

"What light through yonder window breaks?"

MichelleAdrian
Triple Stumper

Scores at the end of the Double Jeopardy! Round:

Seth Michelle Adrian
$6,800 $14,600 $3,500
(lock game)

[wagering suggestions for these scores]

Final Jeopardy! Round responses

COUNTRIES OF THE WORLD
(Alex: [To Adrian] Cristina Fernández de Kirchner is the leader of that country.)
AdrianWhat is Argentina
$3,000
SethWhat is Argentina?
$5,545
MichelleWhat is Australia?
$900
Argentina

Final scores:

Seth Michelle Adrian
$12,345 $13,700 $6,500
2nd place: $2,000 New champion: $13,700 3rd place: $1,000

Game dynamics:

Coryat scores:

Seth Michelle Adrian
$6,800 $16,600 $4,600
11 R,
3 W
23 R,
2 W
(including 1 DD)
12 R
(including 1 DD),
4 W
(including 1 DD)

Combined Coryat: $28,000

[game clues] [game scores] [suggest correction]

Game tape date: 2013-11-05
The J! Archive is created by fans, for fans. Scraping, republication, monetization, and malicious use prohibited; this site may use cookies and collect identifying information. See terms. The Jeopardy! game show and all elements thereof, including but not limited to copyright and trademark thereto, are the property of Jeopardy Productions, Inc. and are protected under law. This website is not affiliated with, sponsored by, or operated by Jeopardy Productions, Inc. Join the discussion at JBoard.tv.